| 000 | 00598nam a22001817a 4500 | ||
|---|---|---|---|
| 999 |
_c191419 _d191419 |
||
| 005 | 20220825155839.0 | ||
| 010 | _aENG-134685 | ||
| 020 |
_a9788192799957 _c2500.00 |
||
| 035 | _aEN-118217 | ||
| 037 | _bDBAD/PUB | ||
| 082 | _a2500.00 | ||
| 100 | _aReddy,V.Rami | ||
| 245 |
_aThe Rain Forest Tribes of Cameroon ,West Africa: _bThier Dental Morphological Variation and Dental health _cV.Rami Reddy |
||
| 260 |
_bV. Indira _aAndra Pradesh _c2020 |
||
| 270 |
_a#10-20, NALANDA NAGAR _bAndra Pradesh _e517502 |
||
| 300 |
_aix,345p. _c26cm(pbk) |
||
| 942 |
_2ddc _cEN _h634.90966 _mRED |
||